Biblioteka Instytutu Północnego w Olsztynie

Widok standardowy Widok MARC

Pozycja Corporate Name

Liczba rekordów, w których użyto hasła: 1

001 - Numer kontrolny

  • control field: 38041

003 - Identyfikator numeru kontrolnego

  • control field: NUKAT

005 - Data i czas ostatniej modyfikacji

  • control field: 20260313124444.0

008 - Dane kontrolne kodowane (40 znaków)

  • fixed length control field: 181019n||a|znnaabn |a ana |c

010 ## - Numer kontrolny Biblioteki Kongresu

  • numer kontrolny LC: n 2018228021

024 7# - OTHER STANDARD IDENTIFIER

  • Standard number or code: 854154258078524152960
  • Source of number or code: viaf

040 ## - Instytucja sporządzająca rekord

  • inst. przygot. dane do rek. khw: OLSZT 003/DS
  • język haseł przedmiotowych/tezaurus: kaba
  • inst. wprow. rek. khw: OLSZT 003/DS
  • inst. modyf. rek. khw: WA U/KSZ
  • inst. modyf. rek. khw: OLSZT 003/DS

110 2# - Hasło - nazwa ciała zbiorowego

  • nazwa ciała zbior. lub geogr. na pocz.: Uniwersytet Warmińsko-Mazurski (Olsztyn).
  • nazwa jednostki podrzędnej: Klub Sympatyków Ziemi Świętokrzyskiej.

410 2# - Trop zob. - nazwa ciała zbiorowego

  • nazwa ciała zbior. lub geogr. na pocz.: Klub Sympatyków Ziemi Świętokrzyskiej w Olsztynie.

410 2# - Trop zob. - nazwa ciała zbiorowego

  • nazwa ciała zbior. lub geogr. na pocz.: Klub Sympatyków Ziemi Świętokrzyskiej.

410 2# - Trop zob. - nazwa ciała zbiorowego

  • nazwa ciała zbior. lub geogr. na pocz.: Uniwersytet Warmińsko-Mazurski (Olsztyn).
  • nazwa jednostki podrzędnej: Stowarzyszenie Absolwentów.
  • nazwa jednostki podrzędnej: Klub Sympatyków Ziemi Świętokrzyskiej.

665 ## - Nota historyczna

  • nota historyczna: Klub Sympatyków Ziemi Świętokrzyskiej przy Stowarzyszeniu Absolwentów Uniwersytetu Warmińsko-Mazurskiego w Olsztynie powołano 16 stycznia 2018.

670 ## - Źródło informacji

  • źródło informacji: Kieleckie serca i umysły na Warmii i Mazurach / pod redakcją: Bolesława Pilarka. - Olsztyn, 2018.
  • gdzie znaleziono informację: S. red.: {Klub Sympatyków Ziemi Świętokrzyskiej)

670 ## - Źródło informacji

  • źródło informacji: Uniwersytet Warmińsko-Mazurski, 19.10.2018
  • adres internetowy: http://www.uwm.edu.pl/stowarzyszenie/?p=4428
Biblioteka Instytutu Północnego, ul. Partyzantów 87, 10-402 Olsztyn, email: biblioteka(at)ip.olsztyn.pl